000 00266nam a2200109Ia 4500
008 240625s9999 xx 000 0 und d
041 _aeng
082 _a338.5054 BAY
100 _aBAYE MICHAEL R
245 _aMANAGERIAL ECONOMICS AND BUSINESS STRATE
260 _c2014
999 _c39620
_d39620